00436nam a2200157Ia 4500001000500000005001700005008004100022041000800063082001700071100005400088245008300142260000900225300002800234650000800262654000800270455120260306145804.0260306t2008||||xx |||||||||||||| ||spa|| aESP a324.63bI59A aInstituto Interamericano de Derechos HumanoseAUT 0aLecciones aprendidas en materia de observación electoral en América Latina c2008 a217 páginas :c21 cm. aGEN aCDE